Мозаики и фрески Святой Софии Киевской (Запись № 11836156)

Подробности
000 -МАРКЕР
контрольное поле 02412nam0a2200421 i 4500
001 - ИДЕНТИФИКАТОР ЗАПИСИ
контрольное поле RU\NLR\BIBL_A\012087312
005 - ИДЕНТИФИКАТОР ВЕРСИИ
контрольное поле 20260407163051.0
010 ## - МЕЖДУНАРОДНЫЙ СТАНДАРТНЫЙ НОМЕР КНИГИ (ISBN)
Номер (ISBN) 9785961200591
Тираж 1000
035 ## - ДРУГИЕ СИСТЕМНЫЕ НОМЕРА
Идентификатор записи (NLR Aleph) 012087312
100 ## - ДАННЫЕ ОБЩЕЙ ОБРАБОТКИ
Данные общей обработки 20190905d2017 k y0rusy50 ca
101 0# - ЯЗЫК РЕСУРСА
Язык текста, звукозаписи и т.д. русский
Язык резюме английский
102 ## - СТРАНА ПУБЛИКАЦИИ ИЛИ ПРОИЗВОДСТВА
Страна публикации российская федерация
105 ## - ПОЛЕ КОДИРОВАННЫХ ДАННЫХ: ТЕКСТОВЫЕ МАТЕРИАЛЫ, МОНОГРАФИЧЕСКИЕ
Кодированные данные о монографическом текстовом документе ach|z|||000zy
200 1# - ЗАГЛАВИЕ И СВЕДЕНИЯ ОБ ОТВЕТСТВЕННОСТИ
Основное заглавие Мозаики и фрески Святой Софии Киевской
Параллельное заглавие Mosaics and frescoes of Saint Sophia in Kiev
Первые сведения об ответственности О.С. Попова, В.Д. Сарабьянов
Последующие сведения об ответственности [Государственный институт искусствознания]
Язык параллельного заглавия английский
210 ## - ПУБЛИКАЦИЯ, РАСПРОСТРАНЕНИЕ И ДР.
Место издания, распространения и т.д. Москва
Имя издателя, распространителя и т. д. ГАММА-ПРЕСС
Дата издания, распространения и т.д. 2017
215 ## - ФИЗИЧЕСКАЯ ХАРАКТЕРИСТИКА
Специфическое обозначение материала и объем 503 с.
Другие сведения о физической характеристике ил., цв. ил., портр., факс.
Размеры 34
300 ## - ОБЩИЕ ПРИМЕЧАНИЯ
Текст примечания Авт. также на англ. яз.: Olga Popova, Vladimir Sarabyanov
300 ## - ОБЩИЕ ПРИМЕЧАНИЯ
Текст примечания Рез. англ.
320 ## - ПРИМЕЧАНИЯ О НАЛИЧИИ В ДОКУМЕНТЕ БИБЛИОГРАФИИ / УКАЗАТЕЛЯ
Текст примечания Библиогр.: с. 486-503 (405 назв.) и в подстроч. примеч.
510 1# - ПАРАЛЛЕЛЬНОЕ ЗАГЛАВИЕ
Связь между полями z77790
Параллельное заглавие Mosaics and frescoes of Saint Sophia in Kiev
Язык заглавия английский
601 02 - НАИМЕНОВАНИЕ ОРГАНИЗАЦИИ КАК ПРЕДМЕТ
Начальный элемент ввода Софийский собор
Идентифицирующий признак Киев, город; Украина
Тематический подзаголовок Мозаики
Системный номер авторитетной/нормативной записи 2422906
Идентификатор авторитетной/нормативной записи RU\NLR\AUTH\6601661303
601 02 - НАИМЕНОВАНИЕ ОРГАНИЗАЦИИ КАК ПРЕДМЕТ
Начальный элемент ввода Софийский собор
Идентифицирующий признак Киев, город; Украина
Тематический подзаголовок Фрески
Системный номер авторитетной/нормативной записи 2422905
Идентификатор авторитетной/нормативной записи RU\NLR\AUTH\6601661302
606 ## - НАИМЕНОВАНИЕ ТЕМЫ КАК ПРЕДМЕТ
Наименование темы Христианство и искусство
Системный номер авторитетной/нормативной записи 2394299
Идентификатор авторитетной/нормативной записи RU\NLR\AUTH\661427613
686 1# - ИНДЕКСЫ ДРУГИХ КЛАССИФИКАЦИЙ
Индекс Щ143(2Ук)301-461.1
686 1# - ИНДЕКСЫ ДРУГИХ КЛАССИФИКАЦИЙ
Индекс Щ143(2Ук)301-461.3
686 2# - ИНДЕКСЫ ДРУГИХ КЛАССИФИКАЦИЙ
Индекс Э37-103.7
700 #1 - ИМЯ ЛИЦА - ПЕРВИЧНАЯ ОТВЕТСТВЕННОСТЬ
Материалы, к которым относится поле rus
Графика поля Кириллица
Начальный элемент ввода Попова
Часть имени, кроме начального элемента ввода О. С.
Дополнения к именам, кроме дат д-р искусствоведения
Даты 1938-2020
Расширение инициалов личного имени Ольга Сигизмундовна
Идентификатор авторитетной/нормативной записи RU\NLR\AUTH\7755594
Системный номер авторитетной/нормативной записи 38526
701 #1 - ИМЯ ЛИЦА - АЛЬТЕРНАТИВНАЯ ОТВЕТСТВЕННОСТЬ
Материалы, к которым относится поле rus
Графика поля Кириллица
Начальный элемент ввода Сарабьянов
Часть имени, кроме начального элемента ввода В. Д.
Дополнения к именам, кроме дат канд. искусствоведения
Даты 1958-2015
Расширение инициалов личного имени Владимир Дмитриевич
Идентификатор авторитетной/нормативной записи RU\NLR\AUTH\7789458
Системный номер авторитетной/нормативной записи 72386
712 02 - НАИМЕНОВАНИЕ ОРГАНИЗАЦИИ - ВТОРИЧНАЯ ОТВЕТСТВЕННОСТЬ
Код отношения Прочие
Начальный элемент ввода Собор Святой Софии
Идентифицирующий признак Киев
Идентификатор авторитетной/нормативной записи RU\NLR\AUTH\8810101761
Системный номер авторитетной/нормативной записи 704317
790 #1 - ИМЯ ЛИЦА - АЛЬТЕРНАТИВНАЯ ФОРМА
Материалы, к которым относится поле rus
Графика поля Латинская
Начальный элемент ввода Popova
Часть имени, кроме начального элемента ввода O. S.
Дополнения к именам, кроме дат д-р искусствоведения
Даты 1938-2020
Расширение инициалов личного имени Ol'ga Sigizmundovna
Идентификатор авторитетной/нормативной записи RU\NLR\AUTH\7755596
Системный номер авторитетной/нормативной записи 38528
790 #1 - ИМЯ ЛИЦА - АЛЬТЕРНАТИВНАЯ ФОРМА
Материалы, к которым относится поле rus
Графика поля Латинская
Начальный элемент ввода Sarab'janov
Часть имени, кроме начального элемента ввода V. D.
Дополнения к именам, кроме дат канд. искусствоведения
Даты 1958-2015
Расширение инициалов личного имени Vladimir Dmitrievič
Идентификатор авторитетной/нормативной записи RU\NLR\AUTH\7789461
Системный номер авторитетной/нормативной записи 72389
942 ## - ДОПОЛНИТЕЛЬНЫЕ ЭЛЕМЕНТЫ ЗАПИСИ (АБИС)
Тип экземпляра АБИС Книга
980 ## - КОЛЛЕКЦИЯ
Название коллекции НБР

Нет доступных экземпляров.